Statystyki dla Państwa według jednej podpowiedzi #13

Kliknij tutaj aby rozwiązać quiz!

Ogólne statystyki

  • Ten quiz został rozwiązany 1 942 razy
  • Średni wynik to 10 z 20

Statystyki odpowiedzi

Podpowiedź:Państwo% Poprawnych
Jego flaga wygląda tak:
Albania
88%
Viktor Orbán jest jego premierem od 2010 roku.Węgry
78%
Urodzili się tam tacy sportowcy jak Novak Djokovic i Nikola Jokić.Serbia
74%
Jest drugim od końca państwem według alfabetu.Zimbabwe
66%
Jego największym miastem jest Lagos.Nigeria
65%
Jest państwem, które leży najbliżej Florydy.Bahamy
64%
Leży w nim północna część pustyni Gobi.Mongolia
59%
Jest karaibskim państwem, w którym w 1988 roku urodziła się Rihanna.Barbados
58%
Ma najwięcej lasów deszczowych ze wszystkich państw Afryki.Demokratyczna Republika Konga
58%
Pochodzi z niego reżyser "Władcy Pierścieni" Peter Jackson.Nowa Zelandia
51%
W jego angielskiej nazwie znajdują się 3 litery "U".Urugwaj
44%
Zyskało niepodległość od Francji w 1962 roku po wojnie, w której setki tysięcy osób zginęło.
Algieria
41%
Jego książę, Rainier III Grimaldi poślubił aktorkę Grace Kelly w 1956 roku.Monako
40%
W języku hiszpańskim jego nazwa brzmi "Bogate Wybrzeże".Kostaryka
37%
Przeniosło swoją stolicę Naypyidaw w 2005 roku.Mjanma
37%
Jest drugim największym państwem pod względem powierzchni, w którym językiem urzędowym jest portugalski.Angola
36%
Jest tropikalnym państwem, które bierze udział w bobslejach na Zimowych Igrzyskach Olimpijskich od 1988 roku.Jamajka
32%
Urodził się tam ojciec Baracka Obamy.Kenia
25%
Jest największym państwem w Lewancie.Syria
20%
Pierwsi ludzie osiedlili się tam około 10 000 roku przed naszą erą. Przez to wyginęły jego gatunki hippopotamus minor i palaeoloxodon falconeri (karłowatych słoni i hipopotamów).
Cypr
5%

Rozkład punktacji

Percentyl według liczby udzielonych odpowiedzi

Procent ludzi z każdym wynikiem

Twoja historia wyników

Nie rozwiązałeś tego quizu